000
00326nam a22001337a 4500
008
170516b xxu||||| |||| 00| 0 eng d
020
_a
9781400030972
041
_a
eng
080
_a
94(100)
100
_a
16
101
_a
shh
245
_a
A HISTORY OF THE JEWS IN THE MODERN WORLD
_c
SACHAR.H.M
942
_2
udc
_c
BK
999
_c
13417
_d
13417